| 000 | 00716nam a22002057a 4500 | ||
|---|---|---|---|
| 003 | 0 | ||
| 005 | 20250915115008.0 | ||
| 008 | 250915b xxu||||| |||| 00| 0 eng d | ||
| 020 | _a978-1-032-86130-2 | ||
| 050 |
_aTD 159.4 _b.Y55 2025 |
||
| 100 |
_aYigitcanlar, Tan, _eauthor. |
||
| 245 |
_aUrban artificial intelligence : _ba guidebook for understanding concepts and technologies / _cTan Yigitcanlar. |
||
| 260 |
_aBoca Raton, FL : _bCRC Press, _c2025. |
||
| 300 |
_axx, 409 pages : _billustrations ; _c24 cm. |
||
| 504 | _aIncludes bibliographical references and index. | ||
| 650 | _aSmart cities. | ||
| 650 | _aArtificial intelligence. | ||
| 650 |
_aCity planning _xTechnological innovations. |
||
| 942 |
_2lcc _cBK |
||
| 999 |
_c367947 _d367947 |
||